000 00379nam a2200133Ia 4500
008 220204s9999 xx 000 0 und d
020 _a030646666X
082 _a57.1:547.313.2
_bARS
245 0 _aEthylene : Agricultural sources and applications.
260 _aNew York
_bKluwer Academic
_c2002
700 _aArshad, Muhammad
700 _aFrankenberger, William T
942 _cBK
999 _c42111
_d42111